| 000 | 00516nam a22001577a 4500 | ||
|---|---|---|---|
| 082 | _a610 | ||
| 100 | _aMuhammad, Fateh | ||
| 245 |
_aFascia Closure Device / _cFateh Muhammad |
||
| 260 |
_aIslamabad : _bSMME - NUST, _c2015. |
||
| 300 |
_a34 p. ; _c30cm. |
||
| 650 |
_aBiomedical Engineering and Science-MS-Thesis _925782 |
||
| 700 |
_aDr. Murtaza Najabat Ali _916209 |
||
| 856 | _u http://10.250.8.41:8080/xmlui/handle/123456789/6199 | ||
| 942 |
_2ddc _cTHE |
||
| 999 |
_c541162 _d541162 |
||